00772 2200229 4500001002100000005001500021035002000036007000300056008004100059082001400100084002000114100002800134245006300162250001400225300004700239520012200286600001200408264003800420336003100458337003000489338002300519INLIS00000000000029720210206103735 a0010-0221000090ta210206 g 1 ind  a899.221,3 a899.221,3 DYA s0 aDyah PadminiePengarang1 aSeri Budi Pekerti :bBuaya Gua Sipadaleman /cDyah Padmini aCetakan 1 avii, 48 Halaman :bIlustrasi ;c14 x 21 cm aKerajaan Galuh Pakuan Diperintahkan oleh Raja Anggalarang yang di bantu oleh Mahapahit Banyak Sumba, ipar sang Prabu. 4aLegenda aBandung :bAngkasa Bandung,c1997 aTeks Bergambar2rdacontent aTanpa Perantara2rdamedia aVolume2rdacarrier